Quizzes
Events
Quiz Creation
Community
Videos
Private Events
Remove Ads
Sign In
Join for FREE
Feedback
Dark Mode
Quiz Categories
Sports
Geography
Music
Movies
Television
Just For Fun
Miscellaneous
History
Literature
Language
Science
Gaming
Entertainment
Religion
Holiday
For Kids
Quiz Lab
Recent
Popular Today
Quiz Kudos Today
Editor Picks
Curator Picks
Quizzes by...
Day
Popularity
Type
Ratings
Length
Year
Community
Subscriptions
Recent Discussions
Orange Saloon
Badges
Playlists
Quests
Create
Leaderboards
Showdown
Live 5
Trivia Bingo
Activity
Puzzle Library
Sporcle Events
Private Events
Virtual Trivia
Globe League
Become a Host
Pub Owners
SporcleCon
Opinionation
Our Games
Videos
Blog
Mobile Apps
Partnerships
Remove Ads and Go Orange
Feedback
Entertainment
Celebrity
Famous
Musical
Broadway
Show
Quote
Comic Books
Anime
Superhero
DC Comics
Marvel
Cartoons
Animation
Entertainment
Celebrity
Famous
Musical
Broadway
Show
Quote
Comic Books
Anime
Superhero
DC Comics
Marvel
Cartoons
Animation
Random Quiz
Search Sporcle
×
Quiz Lab
Quiz Lab
Entertainment
Quote
Type in answers that appear in a list
Type in answers that appear in a list
Classic
Best Score? Go Orange.
Firefly Quotes by Character Stats
Can you name the Firefly and Serenity quotes by which character said them?
By
TimeBandit
4m
50 Questions
688 Plays
688 Plays
688 Plays
Comments
Comments
Give Quiz Kudos
Give Quiz Kudos
-
- Ratings
hide this ad
Forced Order
Answers have to be entered in order
Answers have to be entered in order
Random Order
Randomize order of answers
Randomize order of answers
Replay
Link that replays current quiz
Next Quiz
Link to next quiz in quiz playlist
You Got
0%
They Got
Avg Score
67%
Avg Friend Score
Upgrade to see
Score Distribution
Jump to the score distribution portion of the page
Score
0/50
Timer
04:00
0
Plays Today
Quote
Character
% Correct
'Next time you want to stab me in the back, have the guts to do it to my face.'
Malcolm Reynolds
80.4%
'May have been the losing side. Still not convinced it was the wrong one.'
Malcolm Reynolds
79.1%
' I can kill you with my brain.'
River Tam
78.8%
'I brought you some supper but if you'd prefer a lecture, I've a few very catchy ones prepped. Sin and hellfire; one has lepers.'
Shepard Book
78.2%
'So finally, a decent wound on this ship, and I miss out. I'm sorry.'
Simon Tam
77.8%
'Oh my god. What can it be? We're all doomed! Who's flying this thing!?'
Hoban Washburne
77.6%
'You're afraid we're going to die gasping. But we won't. That's not going to happen. We'll freeze to death first. '
River Tam
77.2%
'Machines just got workins' and they talk to me.'
Kaylee Frye
77%
'I'm a leaf on the wind...watch how I soar.'
Hoban Washburne
76.7%
'Someone ever tries to kill you, you try to kill 'em right back!'
Malcolm Reynolds
76.5%
'Yes sir, Captain Tight Pants.'
Kaylee Frye
76.2%
'This is the best damn gun made by man. It has extreme sentimental value.'
Jayne Cobb
75.9%
'No, it's shiny! I like to meet new people. They've all got stories.'
Kaylee Frye
75.9%
We have a little problem with our engine sequence, so we may experience some slight turbulence and then explode.'
Malcolm Reynolds
75.4%
'Two by two, hands of blue...'
River Tam
75.4%
'The human body can be drained of blood in 8.6 seconds given adequate vacuuming systems.'
River Tam
74.9%
'Fought with a lot of people in the war.'
Zoe Washburne
74.7%
'This must be what going mad feels like.'
Simon Tam
74.4%
'Captain will come up with a plan.'
Zoe Washburne
74.1%
'She is starting to damage my calm.'
Jayne Cobb
72.4%
'Knew a man once who had a hole clean through his whole shoulder. Used to keep a spare hankie in there.'
Zoe Washburne
72.4%
'I hope she does the soup thing. It's always a hoot, and we don't all die from it.'
Hoban Washburne
71.8%
'You're like a trained ape. Without the training.'
Simon Tam
70.8%
'Come a day there won't be room for naughty men like us to slip about at all.'
Malcolm Reynolds
68.9%
'Besides, if I mess up, not like you'll be able to yell at me.'
Kaylee Frye
67.7%
Quote
Character
% Correct
'Time for some thrilling heroics.'
Jayne Cobb
66.4%
'You're my kinda stupid.'
Malcolm Reynolds
66.3%
'Every well-
bred petty crook knows the small concealable weapons always go to the far left of the place setting.'
Inara Serra
66.3%
'Pupils were fixed and dilapidated-
'
Malcolm Reynolds
65.8%
'You know what the definition of a hero is? Someone who gets other people killed. You can look it up later.'
Zoe Washburne
65.7%
'We promise not to stop for beers with the fellas!'
Hoban Washburne
64.7%
'Shiny. Let's be bad guys.'
Jayne Cobb
64.5%
'How's it sit? Pretty cunning, dontcha think?'
Jayne Cobb
62.1%
'Do not fear me. Ours is a peaceful race, and we must live in harmony.'
Hoban Washburne
61.8%
'You're lost in the woods. We all are. Even the captain. The only difference is, he likes it that way.'
Inara Serra
61.6%
'Well, you were right about this being a bad idea.'
Malcolm Reynolds
61.5%
'I don't think anyone smiles in hospitals.'
Zoe Washburne
61.5%
'Course you couldn't buy an invite with a diamond the size of a testicle, but I got my hands on a couple.'
Badger
61.5%
'Just when I think I've got you figured out '
Inara Serra
59.7%
'Hate to say it, Captain. But you've got the wrong man.'
Shepard Book
59.3%
'Stealth: you may have heard of it.'
Zoe Washburne
58.9%
'I always thought the name 'Serenity' had a vaguely funereal sound to it.'
Simon Tam
58.6%
' I'd forgotten you're moonlighting as a criminal mastermind now. Got your next heist planned?'
Shepard Book
58.4%
'If I didn't know better, I'd say you were ready to save some lives.'
Simon Tam
57%
'I don't care what you've done, I don't know what you're planning on doing, but I'm trusting you. I think you should do the same. 'Cause I don't see this working any other way.'
Simon Tam
55.7%
'Tell me if anyone interesting shows up.'
River Tam
54.8%
'Government is a body of people usually, notably ungoverned.'
Shepard Book
52.9%
'Thank you for the wine. It's very... fresh.'
Inara Serra
52.5%
'These people need assistance. The benefit wouldn't necessarily be for you.'
Shepard Book
48.4%
'Am I a lion?'
Jubal Early
48.3%
Quiz Playlist
Details
Report
Send in Message
Add To Playlist
Classic:
Type in answers that appear in a list
Forced Order:
Answers have to be entered in order
Random Order:
Randomize order of answers
Last Updated: Feb 16, 2017
Quiz Scoreboard
CHALLENGE
Sign Up to Join the Scoreboard
Show All
Scores
Hide
Comments
May contain spoilers
Recently Published
TV Characters by Other Roles V
by ghcgh
Television
5m
Decade Duel: World Leaders
by jenniferyan
History
4m
Alphabetical 'K' Countries by Flag Minefield
by ylime102
Geography
3m
More to Explore
Quiz From the Vault
Featured Blog Post
15 Basketball Trivia Facts You Can Be March Mad About
hide this ad
You Might Also Like...
Tags
Quote Quiz
Character
Firefly
Serenity
Today's Top Quizzes in Entertainment
Browse Entertainment
hide this ad
Today's Top Quizzes in Quote
Browse Quote
Top Contributed Quizzes in Entertainment
1
B Names for Actresses
2
Decade Duel: Actor
3
Decade Duel: Actress
4
Eurovision 2023 Logic Puzzle
5
The Joker Actors by Order
6
C Names for Actors
7
C Names for Actresses
8
Spider-Man Actors by Order
9
Titans/Young Justice Logic Puzzle (Read Note)
10
Click the Fictional John
Explore More
Trending Topics
Anime
NBA
Kpop
Marvel
Crossword
Harry Potter
Disney
Pokémon
Soccer
Country
NFL
WWE
The Office
Song
Puzzle
hide this ad
More By:
TimeBandit
Quiz
Plays
Rating
Category
Featured
Created
Firefly Quotes by Character
688
5.00
Entertainment
Aug 11, 2011
Go to Creator's Profile
Score Distribution
Quiz Creator Spotlight
TimeBandit
Follow
Send a Message
Quizzes Created
-
Created Quiz Play Count
-
More By This Creator
Popular Quizzes Today
1
Countries of Asia Without Outlines Minefield
2
Find the US States - No Outlines Minefield
3
Pick 6: Fruits
4
The Countries of the World
5
Alphabetical 'K' Countries by Flag Minefield
6
Find the Countries of Europe - No Outlines Minefield
7
US States
8
Find the US States
More Entertainment Quizzes
Almost an MCU Sorting Gallery
Published
Trending Quizzes
Pick 6: Mountains
Pick 6: Harry Potter
Pick 6: Flags
Pick 6: NFL Teams
Pick 6: Movie Franchises
Recently Updated
Adaptations: Name the Title
pecheneg
NWSL Teams
pecheneg
Women's Final Four Teams by Year
bhenderson79
Presidents Quartet II
eogle
Anything But Clue(do)
eogle
Anything But Oceanian Capitals
eogle
Anything But 7
eogle
Anything But Thing
eogle
Word Ladder: February 29
pecheneg
Song Title Questions
pecheneg
Trending Topics
Marvel
Harry Potter
Anime
Disney
NBA
Crossword
Kpop
Pokémon
The Office
NFL
Country
Puzzle
Soccer
WWE
Song
Your Account Isn't Verified!
In order to create a playlist on Sporcle, you need to verify the email address you used during registration. Go to your
Sporcle Settings
to finish the process.
Report this User
Report this user for behavior that violates our
Community Guidelines
.
Details:
Send Report
Go to the Sporcle.com Mobile Site →
Comments